00891 2200301 4500001002100000005001500021035002500036007000300061008004100064020002200105040001700127041000800144082001400152084001600166090002000182090002200202100003800224245007100262260003600333300004500369504003300414650003500447700002900482850001200511999002200523990002200545990002200567INLIS00000000003410320200619113315 a0010-031800000000046ta180302s2014 yoia g 0 ind d a978-602-280-379-9 aYOPDYOGbind0 aind04223a330.9 a330.9 HER e aDEP 330.9 HER e aCB-D.11 2014-26020 aHerwin Mopanggad1978-ePengarang1 aEkonomi internasional /cHerwin Mopangga; penyunting, Arifin Tahir3 aYogyakarta :bDeepublish,c2014 axviii, 121 halaman :bilustrasi ;c23 cm aBibliografi: halaman 119-121 4aHubungan Ekonomi Internasional0 aArifin TahirePenyunting aYOPDYOG aCB-D.11/2014-2602 aCB-D.11/2014-2602 aCB-D.11/2014-2602